| 000 | 00359nam a2200145Ia 4500 | ||
|---|---|---|---|
| 008 | 150201s2004 xx 000 0 und d | ||
| 082 |
_a617.64 _bO2004B |
||
| 100 | _aBHALAJI S.I. | ||
| 245 | _aORTHODONTICS : THE ART & SCIENCE | ||
| 250 | _a3RD | ||
| 260 |
_bARYA PUBLICATION _aDELHI _c2004 |
||
| 300 | _a1-520 | ||
| 650 | _aORTHODONTICS | ||
| 942 |
_2ddc _cBK _09 |
||
| 999 |
_c2959 _d2959 |
||